000 00780nam a2200229 i 4500
001 bg
100 1 _aWŁODARCZYK, Janusz Andrzej
_d(1932- )
245 1 0 _aOkoło architektury :
_bprzemyślenia z przełomu wieków /
_cJanusz Andrzej Włodarczyk.
260 _aBiałystok :
_bWydaw. PB,
_c2003.
300 _a229, [1] s. :
_bfaks., fot., pl. ;
_c23 cm.
490 1 _aRozprawy Naukowe / Politechnika Białostocka,
_x0867-096X ;
_vnr 102
500 _aStreszcz. ang.
504 _aBibliogr. s. 223-228.
650 9 _aArchitektura
_xhistoria
_y20 w.
655 _aSzkice literackie
830 0 _aRozprawy Naukowe (Politechnika Białostocka) ;
_vnr 102
040 _cBPK
041 0 _apol
_beng
080 _a72.03"19"
942 _cKS
008 s pl f |000 0 pol
999 _c45532
_d45532
856 _uhttp://koha.tu.koszalin.pl/cgi-bin/koha/opac-detail.pl?biblionumber=45532
_yKatalog online BPK